| 000 | 03463nam a22003137a 4500 | ||
|---|---|---|---|
| 001 | 113633 | ||
| 003 | DR-UNIBE | ||
| 005 | 20250515105014.0 | ||
| 008 | 250515b2024 sp ||||| |||| 00| 0 spa d | ||
| 020 | _a9788427731226 | ||
| 040 |
_aBIBLIOTECA UNIBE _cBIBLIOTECA UNIBE _erda |
||
| 041 | _aspa | ||
| 082 | _a370.7 D636 | ||
| 245 | 1 | 0 |
_a Hacia una formación transformadora de docentes : _bestrategias eficaces para formadores |
| 260 |
_aMadrid : _bNarcea, _c2024 |
||
| 300 | _a192 páginas | ||
| 490 | _aEducación hoy. Estudios | ||
| 505 | _aI. SITUÁNDONOS | 1. Unas preguntas de partida: ¿Cómo se aprende a ser docente? | 2. ¿Cómo hay que replantear el binomio teoría-práctica? | II. ADOPTANDO UNOS NUEVOS PRINCIPIOS EPISTEMOLÓGICOS | 3. ¿Cómo materializar la formación inicial y permanente de docentes desde la perspectiva sociocultural? | 4. ¿Cómo planificar las intervenciones formativas para promover un aprendizaje orientado al desarrollo de competencias? La mediación estructurada. | 5. ¿Cómo ayudar a adoptar nuevas maneras de pensar y hacer a través de un aprendizaje conceptual conectado con la práctica? La mediación conceptual. | 6. ¿Cómo utilizar la interacción entre experto y novel como herramienta para la construcción guiada de conocimiento? La mediación interaccionista I. | 7. ¿Cómo promover un trabajo constructivo entre iguales? La mediación interaccionista II. | III. TRANSFORMANDO LAS PRÁCTICAS FORMATIVAS | 8. Avanzando hacia prácticas formativas transformadoras en la formación inicial docente: ejemplificación en una asignatura de Didáctica de la Matemática. | 9. Transformando una programación fragmentaria en una programación holística, integradora y colaborativa en el Grado en Maestro. | 10. Avanzando hacia una formación interna en centros educativos desde la perspectiva de las comunidades de práctica. | | ||
| 520 | 3 | _a La relación entre práctica y teoría sigue siendo uno de los aspectos más problemáticos en el ámbito de la formación docente. Este libro se dirige a personas formadoras –tanto de la formación inicial como continua– y pretende allanar el camino de la práctica a la teoría y viceversa. Para ello se describe, fundamenta y ejemplifica una metodología formativa integradora, abierta, colaborativa y autorreguladora, orientada a establecer esta conexión tan deseada y ayudar a los docentes en formación a ser los protagonistas de su propio desarrollo profesional. El libro se estructura en tres bloques: primero, se responden algunas preguntas de partida imprescindibles: ¿Cómo se aprende a ser docente? ¿Qué tipo de formación es más adecuada para promover un desarrollo profesional eficaz? En el segundo bloque, se incide en el binomio “práctica-teoría” así como en la relación entre expertos y noveles, y se presentan nuevas estrategias basadas en principios socioculturales y neo-socioculturales; y, en el tercero, se presentan ejemplos de prácticas formativas basadas en estos principios, los resultados y las perspectivas futuras. | |
| 650 | 7 |
_2lemb _aEnseñanza |
|
| 650 | 7 |
_2lemb _aPedagogía |
|
| 650 | 7 |
_2lemb _aFormación profesional _9195433 |
|
| 650 | 7 |
_2lemb _aDocentes |
|
| 650 | 7 |
_2lemb _aProfesores |
|
| 700 | 1 |
_aEsteve, Olga _eeditor _9195434 |
|
| 700 | 1 |
_aAlsina, Ángel _eeditor _9195435 |
|
| 700 | 1 |
_aLantolf, James _eprologuista _9195436 |
|
| 942 |
_2ddc _cBK |
||
| 999 |
_c113634 _d113634 |
||